1000 biggest US cities - Statistics

General Stats
  • This quiz has been taken 413 times
    203 since last reset
  • The average score is 379 of 1000
Answers on the Map
Answers color-coded by a green-red scale on the quiz's map according to % correct below.
 
Answer Stats
City Population % Correct
Anchorage 286,075
89%
New York City 8,258,035
88%
Portland 630,498 | 69,104
88%
Honolulu 341,778
86%
Seattle 755,078
86%
Dallas 1,302,868
85%
Denver 716,577
85%
New Orleans 364,136
85%
Springfield 112,544 | 153,672 | 170,188 | +2 others
85%
Baltimore 565,239
84%
Birmingham 196,644
84%
Boston 653,833
84%
Detroit 633,218
84%
Phoenix 1,650,070
84%
Washington D.C. 678,972
84%
Jackson 143,709 | 68,264
82%
Jacksonville 72,879 | 985,843
82%
Madison 280,305 | 60,854
82%
Miami 455,924
82%
Oklahoma City 702,767
82%
Baton Rouge 219,573
81%
Boise 235,421
81%
Chicago 2,664,452
81%
Houston 2,314,157
81%
Las Vegas 660,929
81%
Montgomery 195,287
81%
Philadelphia 1,550,542
81%
Sandy 91,943
81%
Columbus 201,877 | 51,522 | 913,175
79%
Mobile 182,595
79%
Pittsburg 75,803
79%
Rochester 122,413 | 207,274
79%
Salem 177,432 | 44,744
79%
Tampa 403,364
79%
Winston-Salem 252,975
79%
Albuquerque 560,274
78%
Cleveland 362,656 | 49,086
78%
Kansas City 152,933 | 510,704
78%
Los Angeles 3,820,914
78%
Memphis 618,639
78%
Nashville 687,788
78%
Orlando 320,742
78%
San Francisco 808,988
78%
Atlanta 510,823
77%
Austin 979,882
77%
Buffalo 274,678
77%
Charlotte 911,311
77%
Cheyenne 65,168
77%
Colorado Springs 488,664
77%
Huntsville 225,564 | 48,552
77%
Indianapolis 879,293
77%
Louisville 622,981
77%
Milwaukee 561,385
77%
Minneapolis 425,115
77%
Reno 274,915
77%
Richmond 114,106 | 229,247
77%
San Diego 1,388,320
77%
San Jose 969,655
77%
Tucson 547,239
77%
Little Rock 203,842
75%
Salt Lake City 209,593
75%
San Antonio 1,495,295
75%
Aurora 177,563 | 395,052
74%
Charleston 155,369 | 46,838
74%
Cincinnati 311,097
74%
Columbia 129,330 | 142,416 | 47,445
74%
El Paso 678,958
74%
Lexington 320,154
74%
Lincoln 294,757 | 54,538
74%
Pittsburgh 303,255
74%
Sioux Falls 206,410
74%
St. Paul 303,820
74%
Albany 101,228 | 57,053 | 66,877
73%
Glendale 187,050 | 253,855
73%
Hartford 119,669
73%
Mesa 511,648
73%
Newark 304,960 | 46,929 | 51,046
73%
North Las Vegas 284,771
73%
Omaha 483,335
73%
Providence 190,792
73%
Santa Fe 89,167
73%
St. Louis 281,754
73%
Tulsa 411,894
73%
Billings 120,864
71%
Carson 58,036 | 91,139
71%
Des Moines 210,381
71%
Fargo 133,188
71%
Fort Worth 978,468
71%
Grand Rapids 196,608
71%
Henderson 337,305
71%
Huntington 45,325
71%
Huntington Beach 192,129
71%
Knoxville 198,162
71%
Lafayette 121,467 | 71,216
71%
Manchester 115,474
71%
Sacramento 526,384
71%
Shreveport 177,959
71%
Spokane 229,447
71%
Tallahassee 202,221
71%
Augusta 200,884
70%
Bismarck 75,092
70%
Concord 110,119 | 122,315 | 44,629
70%
Oakland 436,504
70%
Raleigh 482,295
70%
Scottsdale 244,394
70%
St. Peters 59,413
70%
Toledo 265,304
70%
Wichita 396,119
70%
Wilmington 122,698 | 71,675
70%
Akron 188,701
68%
Arlington 398,431
68%
Fayetteville 101,680 | 209,749
68%
Fresno 545,716
68%
Savannah 147,748
68%
Virginia Beach 453,649
68%
Burlington 44,528 | 60,032
67%
Corpus Christi 316,595
67%
Dayton 135,512
67%
Fort Wayne 269,994
67%
Harrisburg 50,012
67%
Lansing 112,115
67%
Topeka 125,475
67%
Chandler 280,167
66%
Chattanooga 187,030
66%
Eugene 177,899
66%
Flagstaff 76,586
66%
Green Bay 105,744
66%
Greensboro 302,296
66%
Norfolk 230,930
66%
Peoria 110,460 | 198,750
66%
St. Petersburg 263,553
66%
Syracuse 145,560
66%
Tacoma 222,906
66%
Trenton 89,620
66%
Tuscaloosa 111,338
66%
Amarillo 202,408
64%
Ann Arbor 119,381
64%
Bakersfield 413,381
64%
Boulder 105,898
64%
Cambridge 118,214
64%
Erie 92,957
64%
Gilbert 275,411
64%
Jersey City 291,657
64%
Long Beach 449,468
64%
New Haven 135,319
64%
Rapid City 79,404
64%
Riverside 318,858
64%
Santa Ana 310,539
64%
Sioux City 85,727
64%
Tempe 189,834
64%
Alexandria 155,230 | 43,466
63%
Anaheim 340,512
63%
Annapolis 40,552
63%
Duluth 87,680
63%
Durham 296,186
63%
Flint 79,661
63%
Fort Collins 170,376
63%
Fort Lauderdale 184,255
63%
Las Cruces 114,892
63%
Provo 113,343
63%
San Bernardino 223,728
63%
Yonkers 207,657
63%
Auburn 82,025 | 83,870
62%
Chesapeake 253,886
62%
Laredo 257,602
62%
Missoula 77,757
62%
Ogden 87,267
62%
Olympia 55,733
62%
Scranton 75,805
62%
Vancouver 196,442
62%
Worcester 207,621
62%
Casper 58,720
60%
Newport News 183,118
60%
Plano 290,190
60%
South Bend 103,395
60%
Stockton 319,543
60%
Allen 111,620
59%
Allentown 124,880
59%
Athens 128,628
59%
Chula Vista 274,333
59%
Greenville 72,824 | 90,053
59%
Idaho Falls 68,001
59%
Lakewood 155,961 | 49,337 | 62,303 | 78,135
59%
Lubbock 266,878
59%
Norman 130,046
59%
Port St. Lucie 245,021
59%
Yuma 100,858
59%
Bend 104,557
58%
Broken Arrow 119,194
58%
Brownsville 190,158
58%
Cedar Rapids 135,958
58%
Evansville 115,332
58%
Gainesville 145,812 | 47,265
58%
Gary 67,652
58%
Irvine 314,621
58%
Irving 254,373
58%
Lancaster 166,236 | 40,215 | 41,422 | 57,153
58%
McAllen 146,593
58%
Roswell 47,109 | 91,706
58%
Bridgeport 148,028
56%
Davenport 100,354
56%
Frederick 85,793
56%
Midland 138,397 | 42,663
56%
Nashua 91,003
56%
Orange 138,337
56%
Pasadena 133,560 | 146,716
56%
Roanoke 97,171
56%
Santa Barbara 86,499
56%
St. George 104,578
56%
Bellevue 151,574 | 63,922
55%
Great Falls 60,422
55%
Lowell 114,296
55%
Meridian 134,801
55%
Nampa 114,268
55%
Niagara Falls 47,599
55%
Ontario 182,457
55%
Overland Park 197,089
55%
Pueblo 111,077
55%
Rockford 146,120
55%
Stamford 136,226
55%
Surprise 158,285
55%
Cape Coral 224,455
53%
Fremont 226,208
53%
Gulfport 72,823
53%
Hollywood 153,859
53%
Jefferson City 42,552
53%
Kalamazoo 73,126
53%
Macon 156,512
53%
Odessa 115,743
53%
Oxnard 198,488
53%
Santa Clara 131,062
53%
Santa Clarita 224,028
53%
Waco 144,816
53%
Asheville 95,056
52%
Berkeley 118,962
52%
Biloxi 48,235
52%
Cary 180,010
52%
Clarksville 180,716
52%
Garland 243,470
52%
Iowa City 75,678
52%
Joliet 150,489
52%
Kent 133,378
52%
Medford 58,744 | 85,098
52%
Santa Rosa 175,845
52%
Bloomington 78,587 | 78,840 | 87,398
51%
Bowling Green 76,212
51%
Daytona Beach 82,485
51%
Decatur 58,321 | 68,670
51%
Elizabeth 135,829
51%
Frisco 225,007
51%
Grand Junction 69,412
51%
Hialeah 221,300
51%
Hoover 92,448
51%
Lawrence 49,235 | 88,172 | 96,207
51%
Miami Gardens 110,717
51%
Monroe 46,616
51%
Pensacola 53,724
51%
Rio Rancho 110,660
51%
Spokane Valley 108,235
51%
Abilene 129,043
49%
Bozeman 57,305
49%
Florence 40,609 | 42,437
49%
Galveston 53,237
49%
Hampton 137,098
49%
Independence 120,922
49%
Miami Beach 79,607
49%
Naperville 150,245
49%
Paterson 156,452
49%
Quincy 101,597
49%
Sparks 110,323
49%
Dearborn 105,811
48%
Fort Smith 89,770
48%
Kenosha 98,211
48%
Lake Charles 79,633
48%
Modesto 218,915
48%
Moreno Valley 212,392
48%
Murfreesboro 165,430
48%
North Charleston 121,469
48%
Oceanside 170,020
48%
Reading 94,903
48%
San Mateo 101,327
48%
Santa Monica 89,922
48%
Troy 50,607 | 87,339
48%
West Palm Beach 124,130
48%
West Valley City 134,470
48%
Beaumont 112,193 | 58,463
47%
Carmel 102,296
47%
College Station 125,192
47%
Dothan 71,258
47%
Jonesboro 80,650
47%
Lakeland 122,264
47%
New Bedford 100,695
47%
Salina 45,792
47%
Tyler 110,327
47%
Warren 136,655
47%
Yakima 96,750
47%
Appleton 74,719
45%
Burbank 102,755
45%
Champaign 89,189
45%
Charlottesville 44,983
45%
Chico 101,301
45%
Johnson City 73,337
45%
Lynn 101,241
45%
Manhattan 53,682
45%
Palo Alto 65,882
45%
Pembroke Pines 171,119
45%
Santa Maria 109,987
45%
St. Cloud 66,448 | 71,013
45%
West Jordan 114,908
45%
Westminster 114,875 | 88,729
45%
York 44,867
45%
Youngstown 59,108
45%
Bellingham 94,720
44%
Boca Raton 99,974
44%
Bristol 61,601
44%
Camden 71,100
44%
Elk Grove 178,444
44%
Everett 111,180 | 50,318
44%
Fontana 215,465
44%
Fort Myers 97,372
44%
Franklin 88,558
44%
Goodyear 111,805
44%
Grand Forks 58,921
44%
Hayward 155,675
44%
Hillsboro 107,730
44%
McKinney 213,509
44%
Owensboro 60,140
44%
Rancho Cucamonga 174,405
44%
Redding 92,727
44%
Rockville 67,297
44%
Santa Cruz 61,501
44%
Thornton 144,922
44%
Clearwater 116,850
42%
Danbury 86,124
42%
Davis 65,832
42%
Grand Prairie 202,134
42%
Gresham 110,685
42%
Lynchburg 79,535
42%
Mount Pleasant 95,232
42%
Plymouth 77,648
42%
Portsmouth 96,793
42%
Sarasota 57,602
42%
Sterling Heights 133,306
42%
Sugar Land 108,515
42%
Torrance 139,224
42%
Ventura 109,058
42%
Waterbury 114,990
42%
Wichita Falls 102,691
42%
Arvada 121,414
41%
Beaverton 96,945
41%
Buckeye 108,909
41%
Carlsbad 113,495
41%
Centennial 106,883
41%
Coeur d'Alene 56,894
41%
Compton 90,986
41%
Covington 40,972
41%
Melbourne 86,960
41%
Minot 47,373
41%
Miramar 138,319
41%
North Little Rock 64,531
41%
Norwalk 92,458 | 98,078
41%
Olathe 147,461
41%
Orem 95,519
41%
Palmdale 161,404
41%
Pomona 145,502
41%
Round Rock 130,406
41%
San Angelo 99,262
41%
Thousand Oaks 123,463
41%
Utica 63,607
41%
Coral Springs 134,906
40%
Denton 158,349
40%
Evanston 75,070
40%
Farmington 46,237
40%
Grand Island 52,622
40%
Greeley 112,609
40%
Killeen 159,643
40%
New Rochelle 83,742
40%
Salinas 159,506
40%
Suffolk 100,659
40%
Visalia 144,998
40%
Chapel Hill 62,043
38%
Edinburg 105,799
38%
Edmond 98,103
38%
High Point 116,926
38%
Lawton 90,245
38%
Marietta 62,769
38%
Mesquite 147,317
38%
Mission 87,292
38%
Mount Vernon 71,168
38%
Napa 77,492
38%
Pawtucket 75,321
38%
Pearland 127,736
38%
Roseville 159,135 | 46,666
38%
Sunnyvale 151,967
38%
Sunrise 96,808
38%
Brockton 104,890
37%
Canton 69,197
37%
Chino 93,114
37%
Clovis 125,826
37%
Corona 160,238
37%
Cranston 82,635
37%
Deltona 98,739
37%
Federal Way 97,701
37%
Garden Grove 168,234
37%
Hamilton 62,997
37%
Temecula 110,682
37%
Vallejo 122,807
37%
Bethlehem 78,300
36%
Elgin 113,310
36%
Fairfield 120,768 | 44,447
36%
Fall River 93,840
36%
Fishers 104,094
36%
Fullerton 139,250
36%
Inglewood 102,865
36%
Kennewick 85,158
36%
Moore 63,470
36%
New Braunfels 110,958
36%
Palm Bay 135,566
36%
Prescott 47,757
36%
Renton 104,491
36%
Springdale 88,224
36%
St. Joseph 70,634
36%
Victorville 138,869
36%
West Fargo 40,400
36%
Avondale 93,545
34%
Daly City 99,833
34%
Davie 107,799
34%
Eau Claire 70,542
34%
Escondido 148,122
34%
Gaithersburg 69,563
34%
Gastonia 83,942
34%
Georgetown 96,312
34%
Hammond 76,193
34%
Jupiter 61,291
34%
Kirkland 91,194
34%
Logan 55,250
34%
Pompano Beach 113,619
34%
Racine 76,602
34%
San Marcos 71,569 | 94,188
34%
South Jordan 84,528
34%
Twin Falls 54,943
34%
Warwick 82,999
34%
Downey 108,816
33%
Dublin 48,923 | 69,128
33%
East Lansing 48,528
33%
Lehi 90,227
33%
Longmont 98,630
33%
Merced 93,692
33%
Mission Viejo 90,624
33%
Muncie 65,081
33%
Murrieta 111,878
33%
Newport Beach 82,637
33%
North Port 88,934
33%
O'Fallon 94,074
33%
Parma 78,951
33%
Pocatello 58,064
33%
Rock Hill 75,654
33%
San Luis Obispo 49,244
33%
Temple 93,095
33%
Alpharetta 67,056
32%
Ames 65,686
32%
Indio 93,057
32%
Leesburg 49,312
32%
Newton 88,415
32%
North Miami 59,008
32%
Palm Springs 45,218
32%
Rogers 74,035
32%
Sandy Springs 105,793
32%
Simi Valley 125,113
32%
Valdosta 55,025
32%
Waukegan 87,642
32%
Antioch 117,096
30%
Beverly 42,318
30%
Binghamton 46,727
30%
Carrollton 132,918
30%
Chesterfield 49,166
30%
Coral Gables 48,353
30%
East Providence 46,900
30%
El Cajon 102,991
30%
Enid 50,577
30%
Lee's Summit 104,184
30%
Livonia 92,185
30%
Maricopa 71,022
30%
New Britain 74,080
30%
Oshkosh 66,184
30%
Somerville 80,407
30%
South Fulton 110,920
30%
St. Charles 71,800
30%
Texas City 56,609
30%
Vacaville 102,526
30%
Victoria 65,800
30%
West Des Moines 72,205
30%
Alameda 75,353
29%
Altoona 42,788
29%
Apple Valley 55,336 | 75,036
29%
Bradenton 57,076
29%
Conroe 108,248
29%
Germantown 40,267
29%
Kenner 63,333
29%
Kissimmee 81,269
29%
Middletown 47,984 | 51,478
29%
Ocala 68,426
29%
Palm Coast 102,113
29%
Plantation 96,548
29%
Port Arthur 55,547
29%
Schenectady 68,544
29%
Union City 64,462 | 65,414
29%
Warner Robins 84,537
29%
West Covina 105,617
29%
Bentonville 59,471
27%
Blacksburg 45,485
27%
Castle Rock 81,415
27%
Costa Mesa 108,354
27%
Danville 41,837 | 42,999
27%
Dubuque 58,877
27%
Hagerstown 43,553
27%
Hattiesburg 48,414
27%
Homestead 81,659
27%
Joplin 53,095
27%
Lake Forest 85,840
27%
Lake Havasu City 59,257
27%
Lakeville 76,243
27%
Lewisville 133,553
27%
Longview 83,236
27%
Loveland 79,352
27%
Manassas 42,696
27%
Parker 62,743
27%
Pasco 80,038
27%
Richardson 117,435
27%
Southaven 56,851
27%
South San Francisco 63,123
27%
Stillwater 49,525
27%
Taylor 61,241
27%
Waterloo 66,606
27%
White Plains 61,288
27%
Wilkes-Barre 44,254
27%
Boynton Beach 81,267
26%
Bremerton 45,450
26%
Brooklyn Park 82,017
26%
Bryan 89,615
26%
Clifton 88,461
26%
Cupertino 57,285
26%
Dearborn Heights 60,872
26%
El Monte 103,794
26%
Framingham 71,875
26%
Harrisonburg 51,082
26%
Hemet 92,368
26%
John's Creek 81,108
26%
Layton 83,516
26%
League City 116,320
26%
Livermore 82,908
26%
Menifee 113,433
26%
Pontiac 61,689
26%
Redmond 80,280
26%
Redwood 80,996
26%
Saginaw 43,185
26%
San Leandro 85,784
26%
Smyrna 56,566 | 57,418
26%
Anderson 55,199
25%
Battle Creek 52,175
25%
Cicero 81,004
25%
Conway 69,580
25%
Corvallis 61,087
25%
Council Bluffs 62,399
25%
Hesperia 100,633
25%
Highland 56,202
25%
Jurupa Valley 107,321
25%
Mansfield 47,711 | 78,542
25%
Redlands 72,556
25%
Rialto 103,391
25%
Richland 63,757
25%
State College 40,687
25%
Terre Haute 58,502
25%
Brighton 42,477
23%
Broomfield 76,860
23%
Covina 48,728
23%
Huntersville 64,688
23%
Kokomo 59,890
23%
Largo 82,248
23%
Missouri City 76,773
23%
Queen Creek 76,570
23%
Rochester Hills 76,002
23%
San Clemente 62,313
23%
Sherman 47,473
23%
Southfield 75,687
23%
Tracy 98,010
23%
Woodbury 79,538
23%
Yuba City 68,666
23%
Arlington Heights 74,495
22%
Bedford 48,370
22%
Bossier City 62,738
22%
Bowie 57,254
22%
El Centro 43,772
22%
Farmington Hills 82,528
22%
Folsom 84,782
22%
Grapevine 50,928
22%
Hendersonville 63,618
22%
Janesville 66,102
22%
Marysville 72,916
22%
Midwest City 58,086
22%
Milton 41,383
22%
Mountain View 81,785
22%
Sammamish 65,116
22%
Sanford 65,394
22%
Walnut Creek 69,152
22%
West Haven 54,790
22%
Whittier 84,143
22%
Apex 72,225
21%
Bayonne 70,300
21%
Bullhead 43,302
21%
Caldwell 68,336
21%
Casa Grande 63,743
21%
Deerfield Beach 87,325
21%
Doral 79,359
21%
East Orange 69,556
21%
Flower Mound 79,445
21%
Greenwood 66,296
21%
Haverhill 67,415
21%
Hawthorne 83,364
21%
Kannapolis 59,321
21%
Kingsport 56,704
21%
Manteca 91,059
21%
Milpitas 77,321
21%
Palm Desert 51,951
21%
Perris 80,603
21%
San Ramon 84,929
21%
South Gate 90,070
21%
Summerville 51,884
21%
Titusville 49,680
21%
West Lafayette 44,829
21%
Windsor 40,349
21%
Wyoming 77,451
21%
Alhambra 79,776
19%
Baytown 84,067
19%
Citrus Heights 86,239
19%
Cleveland Heights 43,908
19%
Eagan 67,396
19%
Eden Prairie 62,166
19%
Fort Pierce 49,374
19%
Hempstead 58,225
19%
Kyle 62,548
19%
Mankato 45,742
19%
Noblesville 73,916
19%
North Miami Beach 42,789
19%
Rockwall 52,918
19%
Rocky Mount 54,245
19%
Spring Hill 57,637
19%
Tigard 55,590
19%
Tulare 71,092
19%
Vineland 60,797
19%
Waukesha 70,446
19%
West New York 50,754
19%
Winter Haven 57,109
19%
Woodland 61,123
19%
Yorba Linda 66,147
19%
Aliso Viejo 50,263
18%
Apopka 59,113
18%
Blue Springs 60,539
18%
Brookhaven 57,945
18%
Cape Girardeau 40,508
18%
Cedar Falls 40,737
18%
Chino Hills 77,212
18%
Colton 53,357
18%
Delray Beach 67,536
18%
Edina 53,348
18%
Gilroy 58,250
18%
Hanford 59,938
18%
Hoboken 57,010
18%
Kentwood 53,987
18%
Lacey 58,326
18%
La Crosse 51,327
18%
Lebanon 48,112
18%
Lodi 67,679
18%
Lorain 65,337
18%
Milford 50,421
18%
Moorhead 45,202
18%
Newnan 44,940
18%
Normal 52,618
18%
Oak Park 52,055
18%
Pharr 80,410
18%
Pleasanton 74,653
18%
Prescott Valley 50,045
18%
Rancho Cordova 82,605
18%
Royal Oak 57,452
18%
San Bruno 41,327
18%
San Rafael 59,555
18%
St. Clair Shores 57,548
18%
Upland 78,699
18%
Vista 98,344
18%
Wellington 61,634
18%
Westland 82,574
18%
Blaine 73,774
16%
Burnsville 64,772
16%
Cathedral City 52,356
16%
Commerce City 68,245
16%
Gardena 58,377
16%
Hackensack 45,736
16%
Hickory 44,415
16%
Jeffersonville 51,235
16%
La Mesa 60,537
16%
Lynnwood 43,867
16%
Madera 68,079
16%
Maple Grove 71,288
16%
Meriden 60,111
16%
Millcreek 62,205
16%
New Brunswick 55,846
16%
Novi 66,314
16%
Palm Beach Gardens 61,146
16%
Port Orange 65,966
16%
Redondo Beach 67,749
16%
St. Louis Park 49,697
16%
Stonecrest 60,677
16%
West Sacramento 55,842
16%
Arcadia 54,157
15%
Barnstable Town 49,709
15%
Bellflower 75,122
15%
Bolingbrook 74,088
15%
Bothell 50,213
15%
Campbell 41,700
15%
Cedar Park 77,516
15%
Coon Rapids 63,377
15%
Des Plaines 58,010
15%
Edmonds 42,701
15%
Elkhart 53,484
15%
Florissant 51,128
15%
Fond du Lac 44,300
15%
Friendswood 40,826
15%
Harlingen 71,510
15%
Huntington Park 51,942
15%
Keller 46,316
15%
Lake Elsinore 73,028
15%
Littleton 44,451
15%
Malden 65,133
15%
Minnetonka 52,463
15%
North Lauderdale 44,784
15%
Oakland Park 44,105
15%
Ormond Beach 44,277
15%
Oviedo 41,231
15%
Pinellas Park 53,456
15%
Plainfield 47,448 | 54,670
15%
Plant City 40,571
15%
Portage 49,302
15%
Santee 59,478
15%
Schaumburg 75,750
15%
Sheboygan 49,686
15%
Sierra Vista 44,431
15%
Turlock 72,100
15%
Tustin 77,704
15%
Weston 68,181
15%
Woonsocket 43,135
15%
Amherst Town 40,277
14%
Ankeny 74,458
14%
Apache Junction 41,153
14%
Baldwin Park 68,806
14%
Bonita Springs 56,229
14%
Brentwood 45,265 | 65,126
14%
Buena Park 81,958
14%
Burien 50,730
14%
Cedar Hill 48,411
14%
Cerritos 46,797
14%
Clermont 48,621
14%
Coachella 43,590
14%
Coppell 41,404
14%
DeLand 43,009
14%
Delano 51,500
14%
DeSoto 55,740
14%
Diamond Bar 52,041
14%
Elyria 53,117
14%
Euless 59,686
14%
Fountain Valley 55,468
14%
Lauderhill 73,974
14%
Lynwood 63,234
14%
Monterey Park 57,877
14%
Morgan Hill 44,478
14%
National City 55,236
14%
North Richland Hills 70,658
14%
Oakley 45,761
14%
Ocoee 49,261
14%
Oro Valley 48,311
14%
Palatine 64,869
14%
Pittsfield 43,076
14%
Puyallup 42,179
14%
Riverton 44,854
14%
Rocklin 73,472
14%
San Jacinto 55,440
14%
Shoreline 61,353
14%
The Colony 45,471
14%
Wake Forest 54,337
14%
Watsonville 50,867
14%
Wilson 47,833
14%
Altamonte Springs 45,257
12%
Camarillo 69,514
12%
Coconut Creek 57,694
12%
Cottage Grove 42,056
12%
Delaware 45,158
12%
Dunwoody 51,713
12%
Eastvale 70,510
12%
Freeport 43,756
12%
Glendora 49,934
12%
Hallandale Beach 41,547
12%
Haltom City 45,290
12%
Hollister 44,658
12%
Laguna Niguel 62,899
12%
La Habra 60,991
12%
Leander 80,067
12%
Lenexa 58,536
12%
Little Elm 58,496
12%
Marana 58,430
12%
Novato 51,722
12%
Olive Branch 47,029
12%
Paramount 51,072
12%
Peachtree Corners 42,136
12%
Pflugerville 65,301
12%
Placentia 52,192
12%
Porterville 62,876
12%
Rancho Santa Margarita 46,182
12%
Revere 57,954
12%
Rosenberg 41,104
12%
Saratoga Springs 52,532
12%
Shawnee 69,417
12%
Shelton 42,144
12%
Westfield 40,509 | 57,746
12%
Winter Garden 47,294
12%
Azusa 48,272
11%
Brea 48,479
11%
Burleson 55,220
11%
Ceres 48,397
11%
Cypress 48,782
11%
DeKalb 40,211
11%
Goose Creek 49,249
11%
Lake Stevens 40,521
11%
La Mirada 45,505
11%
Margate 58,593
11%
Midlothian 41,352
11%
Montebello 60,015
11%
New Berlin 40,260
11%
Orland Park 57,074
11%
Passaic 68,903
11%
Prosper 41,660
11%
Rosemead 49,305
11%
Shakopee 47,158
11%
Skokie 64,937
11%
Spanish Fork 45,557
11%
Sumter 42,766
11%
Tamarac 72,372
11%
Taylorsville 57,098
11%
Weslaco 43,053
11%
Wylie 61,078
11%
Belleville 40,726
10%
Celina 43,317
10%
Chicopee 54,838
10%
Cutler Bay 43,762
10%
Draper 49,602
10%
Encinitas 60,841
10%
Euclid 48,212
10%
Fulshear 42,616
10%
Greenacres 44,103
10%
Kiryas Joel 41,857
10%
Lake Worth Beach 43,346
10%
Linden 43,950
10%
Lompoc 43,045
10%
Los Banos 48,553
10%
Mishawaka 50,842
10%
Moline 41,965
10%
Mooresville 53,721
10%
Oak Lawn 55,734
10%
Perth Amboy 55,249
10%
Pico Rivera 59,189
10%
Rowlett 66,813
10%
Schertz 43,239
10%
Waxahachie 47,201
10%
Bountiful 44,144
8%
Cuyahoga Falls 50,742
8%
Greer 44,387
8%
Herriman 60,049
8%
Mentor 46,929
8%
Murray 49,553
8%
Petaluma 58,800
8%
Poway 48,051
8%
Taunton 60,412
8%
Waltham 64,477
8%
Yucaipa 53,947
8%
Attleboro 46,654
7%
Berwyn 54,414
7%
Collierville 51,317
7%
Leominster 43,627
7%
Marion 42,213
7%
Methuen Town 53,455
7%
Peabody 54,056
7%
Post Falls 44,798
7%
West Allis 58,874
7%
Weymouth Town 59,114
7%
Bartlett 56,030
5%
Eagle Mountain 56,932
5%
Elmhurst 45,336
5%
Fuquay-Varina 43,817
5%
Gallatin 50,355
5%
Holly Springs 46,271
5%
Indian Trail 42,854
5%
Lombard 43,779
5%
Marlborough 41,179
5%
Mount Juliet 42,912
5%
Mount Prospect 54,298
5%
Owasso 41,162
5%
Rohnert Park 44,546
5%
Urbandale 46,729
5%
Beavercreek 47,193
4%
Buffalo Grove 42,482
4%
Crystal Lake 40,861
4%
Downers Grove 49,706
4%
Fitchburg 41,579
4%
Hoffman Estates 50,179
4%
Kettering 56,876
4%
Romeoville 40,955
4%
Strongsville 45,511
4%
Wauwatosa 47,038
4%
Wheaton 52,938
4%
Brookfield 41,884
3%
Glenview 46,904
3%
Grove City 42,782
3%
Sayreville 45,496
3%
Tinley Park 53,886
3%
Wentzville 47,497
3%
Huber Heights 43,313
1%
Reynoldsburg 41,220
1%
Woburn 41,647
1%
No matching quizzes found
Score Distribution
Percent of People with Each Score
Percentile by Number Answered
Your Score History
You have not taken this quiz since the last reset